01178nam a2200193Ia 4500001001000000003001000010008004100020040002500061041001400086100001700100245007900117250001100196260006500207300002900272500027000301501011400571520027000685650002900955L232-7029IT-CnALBA170116s9999||||xx |||||||||||||| ||und|| aIT-CnALBAcIT-CnALBA aFRANCESE  aSENZA AUTORE 0aMETHODES ET FORMULES POUR BIEN ENTENDRE LA MESSE. SUJECTS EUCHARISTIQUES.  a7a ed. a PARISbLETHIELLEUX P. EDIT. ET LIBR. c1905 [1° Ed.: n.d.] a288 p. (prefazione: 712) aMOTIVI DELL'OPERA. GESÙ SULL'ALTARE. STATO DI GESÙ. VITA. METODO. TRE GRANDI REALTÀ EUCARISTICHE. PRESENZA D8I GESÙ SACRIFICIO MEMORIALE. IMMOLAZIONE. COMUNIONE DI VITA. OFFERTORIO. VITA DI ADORAZIONE. RINGRAZIAMENTO ESPIAZIONE. VITA D'INTERCESSIONE. GESÙ aSocietà San Paolo EM - Piazza San Paolo, 14 - 12051 ALBA (CN) (non commercial uses only) ® Copyright 2017 aMOTIVI DELL'OPERA. GESÙ SULL'ALTARE. STATO DI GESÙ. VITA. METODO. TRE GRANDI REALTÀ EUCARISTICHE. PRESENZA D8I GESÙ SACRIFICIO MEMORIALE. IMMOLAZIONE. COMUNIONE DI VITA. OFFERTORIO. VITA DI ADORAZIONE. RINGRAZIAMENTO ESPIAZIONE. VITA D'INTERCESSIONE. GESÙ aVITA E MISTERO DI CRISTO